[Event "BUL-chT-A 62nd"]
[Site "Sunny Beach"]
[Date "2012.09.23"]
[Round "5.4"]
[White "Georgiev, Kiril"]
[Black "Karakehajov, Kalin"]
[Result "1/2-1/2"]
[WhiteElo "2687"]
[BlackElo "2508"]
[PlyCount "60"]
[EventDate "2012.09.19"]
[EventType "team-tourn"]
[EventRounds "7"]
[EventCountry "BUL"]
[SourceTitle "CBM 150 Extra"]
[Source "ChessBase"]
[SourceDate "2012.10.19"]
[SourceVersion "1"]
[SourceVersionDate "2012.10.19"]
[SourceQuality "1"]
[WhiteTeam "Sofia Lokomotiv"]
[BlackTeam "Razgrad Abritus"]
[WhiteTeamCountry "BUL"]
[BlackTeamCountry "BUL"]

1. e4 g6 2. d4 Bg7 3. Nc3 d6 4. Be3 c6 5. Qd2 b5 6. h4 h6 7. Nge2 Nd7 8. Ng3 Nb6 9. h5 g5 10. f4 gxf4 11. Bxf4 Nf6 12. 0-0-0 b4 13. Nb1 Ng4 14. Qxb4 Nf2 15. Be2 d5 16. e5 e6 17. Nd2 Nxd1 18. Rxd1 Rb8 19. Nb3 Bf8 20. Qa5 Rg8 21. Rf1 Qh4 22. Qc3 Na4 23. Qa5 Nb6 24. Qc3 Na4 25. Qa5 Nb6 26. Qc3 Na4 27. Qa5 Nb6 28. Qc3 Na4 29. Qa5 Nb6 30. Qc3 Na4 1/2-1/2

[Event "BUL-chT-A 62nd"]
[Site "Sunny Beach"]
[Date "2012.09.22"]
[Round "4.4"]
[White "Karakehajov, Kalin"]
[Black "Petkov, Vladimir"]
[Result "0-1"]
[WhiteElo "2508"]
[BlackElo "2522"]
[PlyCount "122"]
[EventDate "2012.09.19"]
[EventType "team-tourn"]
[EventRounds "7"]
[EventCountry "BUL"]
[SourceTitle "CBM 150 Extra"]
[Source "ChessBase"]
[SourceDate "2012.10.19"]
[SourceVersion "1"]
[SourceVersionDate "2012.10.19"]
[SourceQuality "1"]
[WhiteTeam "Razgrad Abritus"]
[BlackTeam "Plovdiv Lokomotiv"]
[WhiteTeamCountry "BUL"]
[BlackTeamCountry "BUL"]

1. d4 c5 2. e3 Nf6 3. Nf3 g6 4. Nbd2 Qc7 5. c3 Bg7 6. Bd3 d5 7. Ne5 0-0 8. 0-0 b6 9. Qe2 a5 10. b3 a4 11. b4 Nc6 12. Nxc6 Qxc6 13. bxc5 bxc5 14. Ba3 c4 15. Bc2 Re8 16. f4 Bf5 17. Bxf5 gxf5 18. Rf3 Qe6 19. Rg3 Kh8 20. Rh3 Ng4 21. Re1 Rg8 22. Nf1 Bf8 23. Ng3 Qg6 24. Rh5 e6 25. Rg5 Qh6 26. Rh5 Qf6 27. Bxf8 Raxf8 28. h3 Nh6 29. Nf1 Rb8 30. Qc2 Rg6 31. Rb1 Rbg8 32. Re1 Qg7 33. Re2 f6 34. Kh1 Nf7 35. e4 fxe4 36. Ne3 f5 37. Qxa4 Rg3 38. Qc2 Qg6 39. Rh4 Ng5 40. fxg5 Qxg5 41. Nf1 Qxh4 42. Nxg3 Qxg3 43. Qd2 f4 44. Qe1 Qxe1+ 45. Rxe1 Ra8 46. Re2 Ra3 47. Rc2 Kg7 48. Kg1 Kf6 49. Kf2 e5 50. dxe5+ Kxe5 51. h4 h5 52. Ke2 Ra6 53. Rb2 e3 54. g3 Ke4 55. gxf4 Rg6 56. Kf1 Kf3 57. f5 Rf6 58. a4 Rxf5 59. a5 d4 60. a6 Ra5 61. Rb1 d3 0-1

[Event "BUL-chT-A 62nd"]
[Site "Sunny Beach"]
[Date "2012.09.21"]
[Round "3.5"]
[White "Karakehajov, Kalin"]
[Black "Simeonov, Stefan"]
[Result "1-0"]
[WhiteElo "2508"]
[BlackElo "2375"]
[PlyCount "81"]
[EventDate "2012.09.19"]
[EventType "team-tourn"]
[EventRounds "7"]
[EventCountry "BUL"]
[SourceTitle "CBM 150 Extra"]
[Source "ChessBase"]
[SourceDate "2012.10.19"]
[SourceVersion "1"]
[SourceVersionDate "2012.10.19"]
[SourceQuality "1"]
[WhiteTeam "Razgrad Abritus"]
[BlackTeam "Vidin Nayden Voynov"]
[WhiteTeamCountry "BUL"]
[BlackTeamCountry "BUL"]

1. Nf3 Nf6 2. g3 c5 3. Bg2 d5 4. 0-0 Nc6 5. d4 e6 6. c4 Be7 7. dxc5 Bxc5 8. a3 dxc4 9. Qc2 0-0 10. b4 Bb6 11. Bb2 Qe7 12. Nbd2 e5 13. Nxc4 Nd4 14. Bxd4 Bxd4 15. Rad1 Bg4 16. Nxd4 exd4 17. Rxd4 Rac8 18. Qd2 Qxe2 19. Ne3 Qxd2 20. Rxd2 Be6 21. Bxb7 Rc3 22. a4 g6 23. a5 Kg7 24. b5 Rc5 25. Rb1 Bd7 26. Rdb2 Bc8 27. Bf3 Be6 28. Rc2 Re5 29. Rc7 Rb8 30. Rxa7 Rexb5 31. Rxb5 Rxb5 32. a6 Bh3 33. Rb7 Ra5 34. a7 Ra1+ 35. Nd1 Bg4 36. Bxg4 Nxg4 37. Kg2 Ra2 38. h3 Ne5 39. Nc3 Ra6 40. Nd5 Nc6 41. Rb6 1-0

[Event "TUR-chT"]
[Site "Konya"]
[Date "2011.07.09"]
[Round "13"]
[White "Galkin, Alexander"]
[Black "Karakehajov, Kalin"]
[Result "1/2-1/2"]
[WhiteElo "2598"]
[BlackElo "2493"]
[PlyCount "71"]
[EventDate "2011.06.28"]
[EventType "team-swiss"]
[EventRounds "13"]
[EventCountry "TUR"]
[SourceTitle "CBM 143 Extra"]
[Source "ChessBase"]
[SourceDate "2011.08.29"]
[SourceVersion "1"]
[SourceVersionDate "2011.08.29"]
[SourceQuality "1"]
[WhiteTeam "Celikkol Turizm Pamukkale"]
[BlackTeam "Bursa Tophane"]
[WhiteTeamCountry "TUR"]
[BlackTeamCountry "TUR"]

1. Nf3 d5 2. d4 e6 3. c4 c6 4. e3 Nf6 5. Bd3 Nbd7 6. 0-0 Be7 7. Nc3 0-0 8. b3 b6 9. Bb2 Bb7 10. Rc1 Qc7 11. Qc2 Rad8 12. Rfd1 Qb8 13. h3 h6 14. Qe2 Rfe8 15. Bb1 c5 16. cxd5 Nxd5 17. Nxd5 Bxd5 18. Qc2 Nf8 19. e4 Bb7 20. dxc5 Rxd1+ 21. Rxd1 Rc8 22. Be5 Qa8 23. Qb2 f6 24. Bd6 Bxd6 25. cxd6 Bxe4 26. Bxe4 Qxe4 27. Rd4 Rc2 28. Rxe4 Rxb2 29. Rd4 Nd7 30. Rc4 Rb1+ 31. Kh2 Rd1 32. Nd4 Kh7 33. f4 f5 34. Kg3 Kg6 35. Kf2 e5 36. Nf3 1/2-1/2

[Event "TUR-chT"]
[Site "Konya"]
[Date "2011.07.06"]
[Round "10"]
[White "Sanikidze, Tornike"]
[Black "Karakehajov, Kalin"]
[Result "1/2-1/2"]
[WhiteElo "2524"]
[BlackElo "2493"]
[PlyCount "50"]
[EventDate "2011.06.28"]
[EventType "team-swiss"]
[EventRounds "13"]
[EventCountry "TUR"]
[SourceTitle "CBM 143 Extra"]
[Source "ChessBase"]
[SourceDate "2011.08.29"]
[SourceVersion "1"]
[SourceVersionDate "2011.08.29"]
[SourceQuality "1"]
[WhiteTeam "Yesilkoy"]
[BlackTeam "Bursa Tophane"]
[WhiteTeamCountry "TUR"]
[BlackTeamCountry "TUR"]

1. d4 d5 2. c4 e6 3. Nf3 c6 4. Qc2 Nf6 5. Bg5 Qa5+ 6. Bd2 Qd8 7. e3 Nbd7 8. Nc3 Be7 9. Bd3 0-0 10. 0-0 c5 11. cxd5 exd5 12. dxc5 Nxc5 13. Bf5 g6 14. Bxc8 Rxc8 15. Rfd1 Nce4 16. Be1 Nxc3 17. Bxc3 Bb4 18. Bxf6 Rxc2 19. Bxd8 Rxd8 20. Rab1 Be7 21. Kf1 Bf6 22. Nd4 Rc5 23. Ke2 Rdc8 24. Rd2 a5 25. Rbd1 a4 1/2-1/2

[Event "TUR-chT"]
[Site "Konya"]
[Date "2011.07.05"]
[Round "9"]
[White "Nyzhnyk, Illya"]
[Black "Karakehajov, Kalin"]
[Result "1/2-1/2"]
[WhiteElo "2583"]
[BlackElo "2493"]
[PlyCount "40"]
[EventDate "2011.06.28"]
[EventType "team-swiss"]
[EventRounds "13"]
[EventCountry "TUR"]
[SourceTitle "CBM 143 Extra"]
[Source "ChessBase"]
[SourceDate "2011.08.29"]
[SourceVersion "1"]
[SourceVersionDate "2011.08.29"]
[SourceQuality "1"]
[WhiteTeam "Gazi Universitesi"]
[BlackTeam "Bursa Tophane"]
[WhiteTeamCountry "TUR"]
[BlackTeamCountry "TUR"]

1. d4 d5 2. c4 e6 3. Nf3 c6 4. e3 Nf6 5. Nc3 Nbd7 6. Bd3 Be7 7. 0-0 0-0 8. Qe2 b6 9. b3 Bb7 10. Bb2 Qc7 11. Rac1 Rad8 12. Rfe1 Rfe8 13. Nd2 Qb8 14. e4 e5 15. cxd5 cxd5 16. Nxd5 Bxd5 17. dxe5 Nxe5 18. Bxe5 Qxe5 19. exd5 Qxe2 20. Rxe2 Bb4 1/2-1/2

[Event "TUR-chT"]
[Site "Konya"]
[Date "2011.07.04"]
[Round "7"]
[White "Kilicaslan, Hasan"]
[Black "Karakehajov, Kalin"]
[Result "0-1"]
[WhiteElo "2250"]
[BlackElo "2493"]
[PlyCount "78"]
[EventDate "2011.06.28"]
[EventType "team-swiss"]
[EventRounds "13"]
[EventCountry "TUR"]
[SourceTitle "CBM 143 Extra"]
[Source "ChessBase"]
[SourceDate "2011.08.29"]
[SourceVersion "1"]
[SourceVersionDate "2011.08.29"]
[SourceQuality "1"]
[WhiteTeam "Turk Hava Yollari"]
[BlackTeam "Bursa Tophane"]
[WhiteTeamCountry "TUR"]
[BlackTeamCountry "TUR"]

1. d4 d5 2. c4 e6 3. Nc3 c6 4. cxd5 exd5 5. Nf3 Bf5 6. g3 Nd7 7. Bg2 Bd6 8. 0-0 Ngf6 9. Nh4 Bg6 10. f4 Be4 11. Nxe4 Nxe4 12. Bxe4 dxe4 13. d5 0-0 14. dxc6 Bc5+ 15. Kg2 bxc6 16. Qa4 Nf6 17. Rd1 Qb6 18. Bd2 Nd5 19. Qxe4 Rae8 20. Qf3 Ne3+ 21. Bxe3 Rxe3 22. Qg4 Qxb2 23. Kh3 Rxe2 24. Rh1 Rfe8 25. Rad1 g6 26. Rd7 h5 27. Qg5 Be7 28. Rxe7 R8xe7 29. f5 Qd2 30. Qxd2 Rxd2 31. fxg6 Rxa2 32. Nf5 Re5 33. gxf7+ Kxf7 34. Rf1 c5 35. g4 hxg4+ 36. Kxg4 Ke6 37. Ng3 Rxh2 38. Ra1 Rh7 39. Ra6+ Kd5 0-1

[Event "TUR-chT"]
[Site "Konya"]
[Date "2011.07.02"]
[Round "5"]
[White "Mirzoev, Azer"]
[Black "Karakehajov, Kalin"]
[Result "0-1"]
[WhiteElo "2481"]
[BlackElo "2493"]
[PlyCount "94"]
[EventDate "2011.06.28"]
[EventType "team-swiss"]
[EventRounds "13"]
[EventCountry "TUR"]
[SourceTitle "CBM 143 Extra"]
[Source "ChessBase"]
[SourceDate "2011.08.29"]
[SourceVersion "1"]
[SourceVersionDate "2011.08.29"]
[SourceQuality "1"]
[WhiteTeam "Mersin Ezgi"]
[BlackTeam "Bursa Tophane"]
[WhiteTeamCountry "TUR"]
[BlackTeamCountry "TUR"]

1. d4 d5 2. c4 e6 3. Nc3 c6 4. e3 Nf6 5. Nf3 Nbd7 6. b3 Be7 7. Bb2 0-0 8. Bd3 b6 9. 0-0 Bb7 10. Qe2 Qc7 11. Rac1 Rad8 12. cxd5 exd5 13. Ba6 Rfe8 14. Bxb7 Qxb7 15. Rc2 Bd6 16. Rfc1 Rc8 17. Qf1 Nf8 18. Nb1 Ng6 19. Ba3 Bb8 20. Nc3 Ng4 21. Qd3 Qd7 22. Ne2 f5 23. g3 Nf6 24. Nf4 Ne4 25. Bb2 Nf8 26. a4 g5 27. Ng2 Ng6 28. a5 b5 29. Qd1 g4 30. Nd2 Ng5 31. Nf4 Bxf4 32. exf4 Nh3+ 33. Kg2 Qe6 34. Ba3 Nhxf4+ 35. gxf4 Nxf4+ 36. Kh1 b4 37. Bb2 Qh6 38. Qf1 Re2 39. Nb1 Rce8 40. Rxc6 Qh3 41. Qxh3 Nxh3 42. Ba1 Nxf2+ 43. Kg1 Nh3+ 44. Kh1 f4 45. Rc8 Rxc8 46. Rxc8+ Kg7 47. Rc1 g3 0-1

[Event "TUR-chT"]
[Site "Konya"]
[Date "2011.06.28"]
[Round "1"]
[White "Erturan, Yakup"]
[Black "Karakehajov, Kalin"]
[Result "1-0"]
[WhiteElo "2346"]
[BlackElo "2493"]
[PlyCount "49"]
[EventDate "2011.06.28"]
[EventType "team-swiss"]
[EventRounds "13"]
[EventCountry "TUR"]
[SourceTitle "CBM 143 Extra"]
[Source "ChessBase"]
[SourceDate "2011.08.29"]
[SourceVersion "1"]
[SourceVersionDate "2011.08.29"]
[SourceQuality "1"]
[WhiteTeam "Manisa Doruk Koleji"]
[BlackTeam "Bursa Tophane"]
[WhiteTeamCountry "TUR"]
[BlackTeamCountry "TUR"]

1. d4 d5 2. c4 e6 3. Nc3 c6 4. Nf3 dxc4 5. g3 b5 6. Bg2 Bb7 7. 0-0 Nd7 8. a4 a6 9. e4 Ngf6 10. d5 cxd5 11. axb5 Nxe4 12. Nxe4 dxe4 13. Nd4 e5 14. Nc6 Qc7 15. Bxe4 Nc5 16. Bd5 axb5 17. Rxa8+ Bxa8 18. Nxe5 Bxd5 19. Qxd5 Qb7 20. Nc6 Ne6 21. Re1 Be7 22. Nxe7 Qxe7 23. Bg5 Qc7 24. Qa8+ Kd7 25. Rd1+ 1-0

[Event "BUL-chT2"]
[Site "Albena"]
[Date "2011.06.08"]
[Round "9.1"]
[White "Trichkov, Vasil"]
[Black "Karakehajov, Kalin"]
[Result "0-1"]
[WhiteElo "2328"]
[BlackElo "2493"]
[PlyCount "120"]
[EventDate "2011.06.02"]
[EventType "team-tourn"]
[EventRounds "9"]
[EventCountry "BUL"]
[SourceTitle "CBM 142 Extra"]
[Source "ChessBase"]
[SourceDate "2011.06.27"]
[SourceVersion "1"]
[SourceVersionDate "2011.06.27"]
[SourceQuality "1"]
[WhiteTeam "Sofia Slavia"]
[BlackTeam "Silistra"]
[WhiteTeamCountry "BUL"]
[BlackTeamCountry "BUL"]

1. d4 d5 2. Nf3 e6 3. g3 Nf6 4. Bg2 Be7 5. c4 c6 6. Qc2 0-0 7. 0-0 Nbd7 8. b3 b6 9. Rd1 a5 10. Nbd2 Bb7 11. e4 Rc8 12. Bb2 Qc7 13. Rac1 Qb8 14. Re1 Rfd8 15. Qb1 Qa8 16. e5 Ne8 17. cxd5 cxd5 18. Rxc8 Rxc8 19. Rc1 Ba6 20. Rxc8 Qxc8 21. Qc1 Qxc1+ 22. Bxc1 f6 23. exf6 gxf6 24. Bb2 Kf7 25. h4 h5 26. Bf1 Bxf1 27. Kxf1 Nb8 28. a4 Nc6 29. Nb1 Ng7 30. Ke2 Nf5 31. Kd3 Nb4+ 32. Ke2 Nc6 33. Kd3 Nh6 34. Ba3 e5 35. dxe5 fxe5 36. Bxe7 e4+ 37. Kc3 Kxe7 38. Nd4 Nxd4 39. Kxd4 Ke6 40. Ke3 Ke5 41. Na3 Nf5+ 42. Kd2 e3+ 43. fxe3 Nxg3 44. Nc2 Nf5 45. b4 Ke4 46. bxa5 bxa5 47. Ke2 Nxh4 48. Nd4 Nf5 49. Nc6 d4 50. Nxa5 d3+ 51. Kf2 d2 52. Ke2 Nxe3 53. Kxd2 h4 54. Nc4 Nxc4+ 55. Ke2 Kf4 56. Kf2 h3 57. Kg1 Kg3 58. Kh1 h2 59. a5 Ne3 60. a6 Ng4 0-1

[Event "TUR-chT"]
[Site "Konya"]
[Date "2010.07.08"]
[Round "13"]
[White "Karakehajov, Kalin"]
[Black "Sanikidze, Tornike"]
[Result "1/2-1/2"]
[WhiteElo "2505"]
[BlackElo "2569"]
[PlyCount "88"]
[EventDate "2010.06.29"]
[EventType "team-tourn"]
[EventRounds "13"]
[EventCountry "TUR"]
[SourceTitle "CBM 137 Extra"]
[Source "ChessBase"]
[SourceDate "2010.09.01"]
[SourceVersion "1"]
[SourceVersionDate "2010.09.01"]
[SourceQuality "1"]

1. d4 Nf6 2. Nf3 g6 3. c3 Bg7 4. Nbd2 0-0 5. e4 d6 6. Bd3 c5 7. dxc5 dxc5 8. Qe2 Nc6 9. 0-0 Qc7 10. Bc2 b6 11. Re1 Nh5 12. Nf1 a5 13. Qe3 a4 14. h3 e5 15. N1d2 h6 16. Nc4 Rd8 17. Bd3 b5 18. Na3 b4 19. Nc4 Ba6 20. Bf1 Na5 21. Nxa5 Bxf1 22. Rxf1 Rxa5 23. g3 Raa8 24. a3 b3 25. c4 Qd7 26. Kg2 Qe6 27. Bd2 Nf6 28. Rac1 Nd7 29. Rfd1 Nb6 30. Qxc5 Rac8 31. Qb5 Nxc4 32. Bc3 Rxd1 33. Rxd1 Nxa3 34. Qxa4 Nc2 35. Qd7 Qc4 36. Qd3 Qxd3 37. Rxd3 f5 38. Rd6 fxe4 39. Nd2 e3 40. fxe3 Nxe3+ 41. Kf3 Nd1 42. Ne4 Rf8+ 43. Ke2 Nxc3+ 44. Nxc3 e4 1/2-1/2

[Event "TUR-chT"]
[Site "Konya"]
[Date "2010.07.02"]
[Round "5"]
[White "Drozdovskij, Yuri"]
[Black "Karakehajov, Kalin"]
[Result "1/2-1/2"]
[WhiteElo "2625"]
[BlackElo "2505"]
[PlyCount "77"]
[EventDate "2010.06.29"]
[EventType "team-tourn"]
[EventRounds "13"]
[EventCountry "TUR"]
[SourceTitle "CBM 137 Extra"]
[Source "ChessBase"]
[SourceDate "2010.09.01"]
[SourceVersion "1"]
[SourceVersionDate "2010.09.01"]
[SourceQuality "1"]

1. d4 d5 2. c4 e6 3. Nf3 c6 4. e3 Nf6 5. Nc3 Nbd7 6. Bd3 Be7 7. 0-0 0-0 8. Qe2 b6 9. e4 dxe4 10. Nxe4 Bb7 11. Rd1 Qc7 12. Bg5 c5 13. dxc5 Nxc5 14. Nxf6+ Bxf6 15. Bxf6 gxf6 16. Bc2 Qf4 17. b4 Bxf3 18. gxf3 Na6 19. a3 Rad8 20. Qe3 Qe5 21. f4 Qb2 22. Bd3 f5 23. Kh1 Kh8 24. Be2 Nb8 25. Rab1 Qf6 26. Bf3 Rxd1+ 27. Rxd1 Rd8 28. Rxd8+ Qxd8 29. Qe5+ Kg8 30. c5 bxc5 31. bxc5 Na6 32. c6 Nc7 33. Kg2 a6 34. a4 f6 35. Qc5 Kf7 36. Bh5+ Kg7 37. Bf3 Kf7 38. Bh5+ Kg7 39. Bf3 1/2-1/2

[Event "BUL-chT-A 60th"]
[Site "Albena"]
[Date "2010.05.30"]
[Round "4.1"]
[White "Karakehajov, Kalin"]
[Black "Petrov, Marian"]
[Result "1/2-1/2"]
[WhiteElo "2505"]
[BlackElo "2545"]
[PlyCount "61"]
[EventDate "2010.05.27"]
[EventType "team-tourn"]
[EventRounds "7"]
[EventCountry "BUL"]
[SourceTitle "CBM 136 Extra"]
[Source "ChessBase"]
[SourceDate "2010.07.02"]
[SourceVersion "2"]
[SourceVersionDate "2010.07.15"]
[SourceQuality "1"]
[WhiteTeam "Maritsa Iztok Radnevo"]
[BlackTeam "Vidin Nayden Voynov"]
[WhiteTeamCountry "BUL"]
[BlackTeamCountry "BUL"]

1. e4 g6 2. d4 Bg7 3. Nc3 d6 4. Be3 Nf6 5. h3 0-0 6. g4 e5 7. dxe5 dxe5 8. g5 Nfd7 9. Qd2 c6 10. 0-0-0 Qe7 11. h4 Nc5 12. f3 Ne6 13. Qf2 Nd7 14. Kb1 b5 15. Bh3 Rd8 16. Nge2 a5 17. Ng3 Nf4 18. Bxd7 Rxd7 19. Bc5 Qe8 20. h5 Rxd1+ 21. Nxd1 Ne6 22. hxg6 hxg6 23. Be3 Bd7 24. Ne2 Qe7 25. Nc1 Rf8 26. Rf1 Nd4 27. f4 c5 28. Nd3 exf4 29. Bxd4 Bxd4 30. Qxf4 Bg7 31. Ne3 1/2-1/2

[Event "BUL-chT2"]
[Site "Sunny Beach"]
[Date "2009.06.09"]
[Round "2.1"]
[White "Karakehajov, Kalin"]
[Black "Vasilev, Vasil"]
[Result "0-1"]
[WhiteElo "2480"]
[BlackElo "2343"]
[PlyCount "116"]
[EventDate "2009.06.08"]
[EventType "team-swiss"]
[EventRounds "7"]
[EventCountry "BUL"]
[SourceTitle "CBM 130 Extra"]
[Source "ChessBase"]
[SourceDate "2009.07.02"]
[SourceVersion "2"]
[SourceVersionDate "2009.07.15"]
[SourceQuality "1"]

1. e4 Nc6 2. Nc3 e5 3. Bc4 Nf6 4. d3 Na5 5. Qf3 Nxc4 6. dxc4 d6 7. h3 Be7 8. Nge2 0-0 9. 0-0 Be6 10. b3 c6 11. Rd1 Qc7 12. a4 Ne8 13. Ng3 g6 14. Bh6 Ng7 15. Rd3 f6 16. h4 Rf7 17. h5 Re8 18. Nd1 f5 19. hxg6 hxg6 20. Bxg7 Kxg7 21. exf5 gxf5 22. Qh5 f4 23. Ne4 Rh8 24. Ng5 Qd7 25. Nxe6+ Qxe6 26. Qe2 Kf8 27. Qe4 Rfh7 28. Kf1 Rh1+ 29. Ke2 Rg1 30. Rf3 Rhh1 31. Kd2 Bg5 32. Rd3 f3+ 33. Kc3 fxg2 34. f4 Bxf4 35. Rf3 Ke7 36. Rf2 Qg4 37. Ne3 Rh3 38. Kb2 Rxa1 39. Rxg2 Bxe3 40. Rxg4 Bd4+ 41. c3 Bxc3+ 42. Kc2 Ra2+ 43. Kc1 Rh1+ 44. Qxh1 Ra1+ 45. Kc2 Rxh1 46. Kxc3 Rh3+ 47. Kc2 Kf6 48. a5 b6 49. a6 Rh2+ 50. Kb1 d5 51. Rg8 e4 52. Rf8+ Ke5 53. cxd5 cxd5 54. Rf7 e3 55. Re7+ Kd4 56. Kc1 Kd3 57. Rxa7 e2 58. Re7 Rh1+ 0-1

[Event "BUL-chT 58th"]
[Site "Borovetz"]
[Date "2008.10.02"]
[Round "2"]
[White "Karakehajov, Kalin"]
[Black "Bratanov, Zsivko"]
[Result "1/2-1/2"]
[WhiteElo "2486"]
[BlackElo "2467"]
[PlyCount "82"]
[EventDate "2008.10.01"]
[EventType "team-tourn"]
[EventRounds "7"]
[EventCountry "BUL"]
[SourceTitle "CBM 126 Extra"]
[Source "ChessBase"]
[SourceDate "2008.11.05"]
[SourceVersion "1"]
[SourceVersionDate "2008.11.05"]
[SourceQuality "1"]
[WhiteTeam "Burgas Lukoil-Neftohimik"]
[BlackTeam "Plovdiv Lokomotiv 2000"]
[WhiteTeamCountry "BUL"]
[BlackTeamCountry "BUL"]

1. e4 c5 2. Nf3 Nc6 3. d4 cxd4 4. Nxd4 Qc7 5. Nc3 e6 6. g3 a6 7. Bg2 Nf6 8. 0-0 d6 9. Re1 Nd7 10. Bg5 Nde5 11. Nxc6 bxc6 12. b3 Bb7 13. Qd2 c5 14. f4 h6 15. fxe5 hxg5 16. exd6 Bxd6 17. e5 Bxe5 18. Rxe5 Qxe5 19. Bxb7 Rd8 20. Qe1 Qd4+ 21. Kh1 Qd2 22. Bg2 Qxc2 23. Ne4 g4 24. Qg1 Rd5 25. Qc1 Qd3 26. Qf4 Rdh5 27. Nf2 Qd4 28. Qxd4 Rxh2+ 29. Kg1 cxd4 30. Rc1 R2h5 31. Rc6 Kd7 32. Rxa6 Rc8 33. Nd3 Rc3 34. Ra7+ Kd6 35. Ra6+ Kd7 36. Bf1 Rd5 37. b4 f5 38. Nc5+ Rdxc5 39. bxc5 Rxc5 40. Kf2 Rc2+ 41. Ke1 Rc1+ 1/2-1/2

[Event "Teteven op 23rd"]
[Site "Teteven"]
[Date "2008.08.22"]
[Round "9"]
[White "Karakehajov, Kalin"]
[Black "Janev, Evgeni"]
[Result "1-0"]
[WhiteElo "2453"]
[BlackElo "2502"]
[PlyCount "107"]
[EventDate "2008.08.16"]
[EventType "swiss"]
[EventRounds "9"]
[EventCountry "BUL"]
[SourceTitle "CBM 126 Extra"]
[Source "ChessBase"]
[SourceDate "2008.11.05"]
[SourceVersion "1"]
[SourceVersionDate "2008.11.05"]
[SourceQuality "1"]

1. e4 d6 2. d4 Nf6 3. Nc3 e5 4. Nf3 Nbd7 5. Bc4 Be7 6. 0-0 0-0 7. Re1 exd4 8. Qxd4 Nb6 9. Bf1 Bg4 10. Nd2 Be6 11. Nb3 Ng4 12. Qd1 Bf6 13. Nd4 Ne5 14. a4 a5 15. Nce2 Bd7 16. c3 Re8 17. Ng3 g6 18. Nb5 h5 19. f4 Ng4 20. h3 Bh4 21. Qf3 Nf6 22. Bd3 Bc6 23. Nd4 Bd5 24. f5 c5 25. Nb5 c4 26. Bc2 Bc6 27. Be3 Nbd7 28. Bf2 Ne5 29. Qd1 d5 30. fxg6 fxg6 31. exd5 Bxd5 32. Qd4 Bxg3 33. Bxg3 Nc6 34. Qf4 Bf7 35. Rxe8+ Nxe8 36. Bh4 Qd5 37. Be4 Qe5 38. Qxe5 Nxe5 39. Bxb7 Rb8 40. Bg3 Rxb7 41. Bxe5 Bd5 42. Rd1 Bc6 43. Rd8 Kf7 44. Rb8 Re7 45. Nd4 Bxa4 46. Bf4 Nf6 47. Ra8 Nd5 48. Bg5 Re1+ 49. Kh2 Re5 50. Ra7+ Ke8 51. h4 Nb6 52. Bf6 Rd5 53. Re7+ Kd8 54. Rb7+ 1-0

[Event "Teteven op 23rd"]
[Site "Teteven"]
[Date "2008.08.20"]
[Round "7"]
[White "Stoinev, Metodi"]
[Black "Karakehajov, Kalin"]
[Result "0-1"]
[WhiteElo "2278"]
[BlackElo "2453"]
[PlyCount "94"]
[EventDate "2008.08.16"]
[EventType "swiss"]
[EventRounds "9"]
[EventCountry "BUL"]
[SourceTitle "CBM 126 Extra"]
[Source "ChessBase"]
[SourceDate "2008.11.05"]
[SourceVersion "1"]
[SourceVersionDate "2008.11.05"]
[SourceQuality "1"]

1. e4 c5 2. Nf3 Nc6 3. Nc3 g6 4. Bb5 Bg7 5. 0-0 d6 6. e5 dxe5 7. Re1 Qc7 8. Bxc6+ bxc6 9. d3 c4 10. dxc4 f5 11. Be3 Nf6 12. Qd2 0-0 13. Bh6 Rd8 14. Qc1 e4 15. Bxg7 Kxg7 16. Nd2 Rb8 17. Nf1 Qe5 18. Na4 f4 19. b3 Qg5 20. Nc3 e3 21. fxe3 Bh3 22. g3 f3 23. Nd1 Ne4 24. Nf2 Nxf2 25. Kxf2 Qh5 26. Nd2 Bg2 27. h4 Qf5 28. e4 Qh3 29. Qb2+ Kg8 30. Rad1 Bf1 31. Qe5 Be2 32. Nxf3 Bxd1 33. Rxd1 Rf8 34. Rd2 Qg4 35. Rd3 Rbd8 36. Qg5 Qxe4 37. Qe3 Qxe3+ 38. Kxe3 c5 39. Ng5 Rxd3+ 40. cxd3 Rf5 41. Ne4 Kf7 42. a3 Ke8 43. b4 cxb4 44. axb4 Kd8 45. b5 Kc7 46. d4 a6 47. bxa6 Ra5 0-1

[Event "BUL-chT 57th"]
[Site "Sunny Beach"]
[Date "2007.10.04"]
[Round "6.4"]
[White "Tomov, Georgi"]
[Black "Karakehajov, Kalin"]
[Result "0-1"]
[WhiteElo "2267"]
[BlackElo "2429"]
[PlyCount "62"]
[EventDate "2007.09.29"]
[EventType "team"]
[EventRounds "7"]
[EventCountry "BUL"]
[SourceTitle "CBM 120 Extra"]
[Source "ChessBase"]
[SourceDate "2007.11.01"]
[SourceVersion "1"]
[SourceVersionDate "2007.11.01"]
[SourceQuality "1"]

1. e4 c5 2. Nf3 e6 3. c3 Nf6 4. e5 Nd5 5. Bc4 d6 6. 0-0 Nc6 7. d4 Nb6 8. Bb5 Bd7 9. dxc5 dxc5 10. Qe2 Qc7 11. Bg5 h6 12. Bh4 a6 13. Bd3 g5 14. Bg3 Bg7 15. h3 0-0-0 16. Nbd2 Be8 17. a4 h5 18. a5 Nd7 19. Nc4 g4 20. hxg4 hxg4 21. Nh2 Bxe5 22. Nxe5 Ndxe5 23. Bc4 f6 24. Nxg4 Qh7 25. Bxe6+ Bd7 26. Bxd7+ Rxd7 27. f3 Nd3 28. Nf2 Qg6 29. Bh2 Rxh2 30. Nxd3 Qg3 31. Rf2 Rh1+ 0-1

[Event "BUL-chT 57th"]
[Site "Sunny Beach"]
[Date "2007.10.02"]
[Round "4.4"]
[White "Karakehajov, Kalin"]
[Black "Velchev, Hristo"]
[Result "1-0"]
[WhiteElo "2429"]
[BlackElo "2299"]
[PlyCount "61"]
[EventDate "2007.09.29"]
[EventType "team"]
[EventRounds "7"]
[EventCountry "BUL"]
[SourceTitle "CBM 120 Extra"]
[Source "ChessBase"]
[SourceDate "2007.11.01"]
[SourceVersion "1"]
[SourceVersionDate "2007.11.01"]
[SourceQuality "1"]

1. e4 c5 2. Nc3 d6 3. Nge2 e6 4. g3 Nc6 5. Bg2 Nf6 6. 0-0 Be7 7. d4 cxd4 8. Nxd4 0-0 9. b3 Bd7 10. Nce2 Nxd4 11. Nxd4 b5 12. Bb2 Rc8 13. Qe2 Qb6 14. Rad1 Qa5 15. a3 Rfd8 16. Rd2 Be8 17. Rfd1 b4 18. axb4 Qxb4 19. c3 Qb6 20. c4 a5 21. Nb5 Rb8 22. Bd4 Qa6 23. e5 dxe5 24. Bxe5 Rxd2 25. Qxd2 Rc8 26. Ra1 Bxb5 27. Rxa5 Rd8 28. Rxa6 Rxd2 29. cxb5 Rd1+ 30. Bf1 Ne4 31. b6 1-0

[Event "Kesarovski Georgiev Memorial 6th"]
[Site "Sunny Beach"]
[Date "2007.09.18"]
[Round "9"]
[White "Karakehajov, Kalin"]
[Black "Kukov, Velislav"]
[Result "1-0"]
[WhiteElo "2429"]
[BlackElo "2306"]
[PlyCount "71"]
[EventDate "2007.09.10"]
[EventType "swiss"]
[EventRounds "9"]
[EventCountry "BUL"]
[SourceTitle "CBM 120 Extra"]
[Source "ChessBase"]
[SourceDate "2007.11.01"]
[SourceVersion "1"]
[SourceVersionDate "2007.11.01"]
[SourceQuality "1"]

1. e4 g6 2. d4 Bg7 3. Nc3 c6 4. h3 d5 5. e5 Nh6 6. g4 f6 7. f4 0-0 8. Nf3 Nf7 9. Bd3 fxe5 10. dxe5 g5 11. Qe2 gxf4 12. Bxf4 Qc7 13. Bh2 e6 14. g5 Nd7 15. Bxh7+ Kxh7 16. g6+ Kg8 17. gxf7+ Kxf7 18. Ng5+ Ke7 19. Nxe6 Qb6 20. Nxf8 Nxf8 21. 0-0-0 Be6 22. Rhg1 Bh6+ 23. Kb1 Re8 24. Ne4 dxe4 25. Qh5 Bd2 26. Rg7+ Kd8 27. Rxd2+ Nd7 28. Qh7 Bxa2+ 29. Ka1 Bd5 30. Rxd7+ Kc8 31. R7xd5 cxd5 32. e6 Qa6+ 33. Kb1 Qf1+ 34. Rd1 Qxd1+ 35. Ka2 Qxc2 36. Qd7# 1-0